000 00755nam a2200289Ia 4500
001 13162
003 IT-RoPAU
008 130308s9999 xx 000 0 und d
040 _aIT-RoPAU
040 _cIT-RoPAU
041 _aITALIANO
100 _aRizza Nora
100 _gCodice Aut. SPICS: 2001
245 _aAspetti e problemi della ricerca sui messaggi televisivi in Italia
245 _bRadio e Televisione
250 _a1a ed.
260 _aFIRENZE
260 _bGuaraldi
260 _c1977 [1° Ed.:1977 - Ed.Ling.Originale:1977]
300 _a"5 p. (prefazione: no ; testo: 5 [pagine: 42-46])"
650 _aBIBLIOGRAFIA
650 _eCodice materia Spics: 2001
942 _cBK
957 _71
999 _c38519
_d38519
999 _bSI
999 _g1